000 01236pam a2200349 i 4500
001 016829093
003 OSt
005 20260109122158.0
008 140818s2015 ne a j b |0|1 0|eng|d
020 _a9780123971692 (Hardcover)
_cUSD 252.00
020 _a9780128012406 (Volume 1)
020 _a9780128012437 (Volume 2)
020 _a9780128012413 (Volume 3)
040 _aStDuBDS
_beng
_cStDuBDS
_dUk
_erda
050 _aQR46 MOL
245 0 0 _aMolecular medical microbiology /
_cedited by Yi-Wei Tang, Max Sussman, Dongyou Liu, Ian Poxton and Joseph Schwartzman.
250 _aSecond edition.
260 _aAmsterdam :
_bAcademic Press,
_c©2015.
300 _axxi, 2145 pages :
_bIllustrations ;
_c29 cm.
336 _atext
_2rdacontent
_btxt
337 _aunmediated
_2rdamedia
_bn
338 _avolume
_2rdacarrier
_bnc
504 _aIncludes bibliographical references and index.
650 0 _aMedical microbiology.
650 0 _aMolecular microbiology.
700 1 _aTang, Yi-Wei
_eEditor
700 1 _aSussman, Max
_eEditor
700 1 _aLiu, Dongyou
_eEditor
700 1 _aPoxton, Ian
_eEditor
700 1 _aSchwartzman, Joseph
_eEditor
942 _2lcc
_cBOOKS
_eSecond edition.
_hQR46 MOL
_kQR
_mMOL
_n0
999 _c172547
_d172547